Statistics for Airplane Quiz

Click here to take the quiz!

General Stats

  • This quiz has been taken 59 times
  • The average score is 4 of 5

Answer Stats

QuestionAnswer% Correct
The most popular airplane in the USABoeing 737
91%
What is the newest airbus A320A320 Neo
90%
What is the biggest airplane in the commercial planesA380
88%
What Airplane Got Grounded In 2020Boeing 737 Max 8
78%
Qantas just stopped using what airplaneBoeing 747
71%

Score Distribution

Percentile by Number Answered

Percent of People with Each Score

Your Score History

You have not taken this quiz